[Event "European Individual Chess Championship "]
[Site "Reykjavik, Iceland"]
[Date "2021.08.30"]
[Round "5.58"]
[White "Jonsson, Gauti Pall"]
[Black "Unuk, Laura"]
[Result "1/2-1/2"]
[WhiteElo "2070"]
[BlackElo "2407"]
[PlyCount "129"]
[EventDate "2021.08.26"]

1. e4 e6 2. d3 d5 3. Nd2 c5 4. Ngf3 Nc6 5. g3 Nf6 6. Bg2 Be7 7. O-O O-O 8. e5
Nd7 9. Re1 b5 10. Nf1 a5 11. h4 a4 12. a3 b4 13. Bf4 bxa3 14. bxa3 Ba6 15. N1h2
c4 16. dxc4 Bxc4 17. h5 Re8 18. g4 f6 19. Nd2 Ba6 20. c4 Ndxe5 21. cxd5 exd5
22. Qxa4 Bf1 23. Qb3 Bxg2 24. Bxe5 fxe5 25. Kxg2 Kh8 26. Ndf1 Nd4 27. Qd3 Bf6
28. Rac1 e4 29. Qg3 Be5 30. Qe3 Ne6 31. Rcd1 Nf4+ 32. Kh1 Nd3 33. Re2 Bf4 34.
Qd4 Be5 35. Qe3 Qf6 36. Rxd3 exd3 37. Qxd3 Bc7 38. Qxd5 Rad8 39. Rxe8+ Rxe8 40.
Kg2 Rf8 41. Qf3 Qd6 42. Qe4 Qxa3 43. Nf3 Bb6 44. h6 gxh6 45. Qe5+ Kg8 46. Qe6+
Kg7 47. Qe5+ Rf6 48. N1d2 Kf7 49. Qd5+ Kf8 50. Nc4 Qc5 51. Nxb6 Qxb6 52. Nd4
Rd6 53. Qa8+ Kf7 54. Qf3+ Rf6 55. Qd5+ Kf8 56. Qa8+ Kf7 57. Qd5+ Ke8 58. Qg8+
Rf8 59. Qd5 Qg6 60. Qe5+ Kf7 61. Qd5+ Ke8 62. Qe5+ Kf7 63. Qd5+ Ke8 64. Qe5+
Kf7 65. Qd5+ 1/2-1/2

[Event "European Individual Chess Championship "]
[Site "Reykjavik, Iceland"]
[Date "2021.08.30"]
[Round "5.59"]
[White "Maltsevskaya, Aleksandra"]
[Black "Heidarsson, Arnar Milutin"]
[Result "1-0"]
[WhiteElo "2409"]
[BlackElo "1916"]
[PlyCount "53"]
[EventDate "2021.08.26"]

1. Nf3 Nf6 2. g3 g6 3. Bg2 Bg7 4. O-O O-O 5. d4 d5 6. c4 c6 7. Qb3 Qb6 8. Nc3
dxc4 9. Qxc4 Be6 10. Qd3 Rd8 11. h3 Na6 12. e4 Nb4 13. Qb1 Bc4 14. Rd1 e5 15.
Nxe5 Rxd4 16. Nxc4 Rxc4 17. Be3 c5 18. e5 Ne8 19. a3 Nc6 20. Qa2 Rd4 21. Bxd4
Nxd4 22. Qd5 Nc6 23. e6 fxe6 24. Qxe6+ Kh8 25. Bxc6 bxc6 26. Rd7 Nf6 27. Rxg7
1-0

[Event "European Individual Chess Championship "]
[Site "Reykjavik, Iceland"]
[Date "2021.08.30"]
[Round "5.60"]
[White "Fruebing, Stefan"]
[Black "Halldorsson, Jon Arni"]
[Result "1-0"]
[WhiteElo "2406"]
[BlackElo "2115"]
[PlyCount "47"]
[EventDate "2021.08.26"]

1. e4 e6 2. d4 d5 3. Nd2 c5 4. exd5 Qxd5 5. Ngf3 Nf6 6. Bc4 Qd7 7. O-O cxd4 8.
Nb3 Nc6 9. Nbxd4 Nxd4 10. Nxd4 a6 11. c3 Qc7 12. Bd3 Bd6 13. h3 O-O 14. Qf3
Bh2+ 15. Kh1 Be5 16. Re1 Bd6 17. Bg5 Be7 18. Rad1 Re8 19. Bxf6 Bxf6 20. Qf5 h6
21. Qh7+ Kf8 22. Bb5 Bd7 23. Bxd7 Qxd7 24. Nf5 1-0

[Event "European Individual Chess Championship "]
[Site "Reykjavik, Iceland"]
[Date "2021.08.30"]
[Round "5.61"]
[White "Samadov, Read"]
[Black "Mai, Aron Thor"]
[Result "1-0"]
[WhiteElo "2360"]
[BlackElo "2110"]
[PlyCount "113"]
[EventDate "2021.08.26"]

1. d4 Nf6 2. c4 g6 3. g3 Bg7 4. Bg2 O-O 5. Nc3 d6 6. Nf3 c5 7. O-O Nc6 8. d5
Na5 9. Nd2 a6 10. Rb1 b5 11. cxb5 axb5 12. Nxb5 Qb6 13. Nc3 Bf5 14. e4 Bc8 15.
Nf3 Ba6 16. Re1 Nd7 17. Bg5 h6 18. Bf4 Nc4 19. Na4 Qa5 20. b3 Nce5 21. Nxe5
Nxe5 22. Bd2 Qc7 23. Bc3 c4 24. Rc1 Rfc8 25. Bf1 Bb5 26. Bxe5 Bxe5 27. Bxc4
Bxa4 28. bxa4 Qxc4 29. Rxc4 Rxc4 30. Re2 Raxa4 31. Qd3 Kg7 32. Kg2 Rc3 33. Qd2
Rcc4 34. f4 Bd4 35. Qd1 f6 36. Rc2 Rcb4 37. f5 h5 38. fxg6 Kxg6 39. Qf3 Bc5 40.
Qf5+ Kg7 41. Re2 Kh6 42. Kh3 Rb8 43. Qe6 Ra7 44. Qf7 Bd4 45. Kh4 Rh8 46. g4
hxg4 47. Kxg4 Rh7 48. Qf8+ Rg7+ 49. Kf5 Kh7 50. h4 Ra3 51. Qe8 Ra7 52. Rc2 e6+
53. Kxe6 Kh6 54. Qh8+ Rh7 55. Qf8+ Kh5 56. Rg2 Be5 57. Qg8 1-0

[Event "European Individual Chess Championship "]
[Site "Reykjavik, Iceland"]
[Date "2021.08.30"]
[Round "5.62"]
[White "Ptacnikova, Lenka"]
[Black "Heimisson, Hilmir Freyr"]
[Result "0-1"]
[WhiteElo "2109"]
[BlackElo "2309"]
[PlyCount "76"]
[EventDate "2021.08.26"]

1. e4 c5 2. c3 Nf6 3. e5 Nd5 4. Nf3 d6 5. d4 cxd4 6. Qxd4 e6 7. Bb5+ Bd7 8.
Bxd7+ Qxd7 9. O-O Nc6 10. Qe4 dxe5 11. Nxe5 Nxe5 12. Qxe5 Bd6 13. Qd4 O-O 14.
Nd2 Nf4 15. Kh1 e5 16. Qe3 f5 17. Nf3 e4 18. Nd4 Rae8 19. f3 Nd5 20. Qe2 e3 21.
Qc4 Qf7 22. g3 f4 23. Ne2 fxg3 24. hxg3 Re6 25. Kg1 Qh5 26. Bxe3 b5 27. Qxb5
Rxe3 28. Rad1 Rxe2 29. Qxe2 Bc5+ 30. Rd4 Bxd4+ 31. cxd4 h6 32. Qe6+ Kh8 33. g4
Qg5 34. Re1 Qd2 35. Qe2 Qxd4+ 36. Kh1 Qf6 37. Rd1 Nf4 38. Qh2 Re8 0-1

[Event "European Individual Chess Championship "]
[Site "Reykjavik, Iceland"]
[Date "2021.08.30"]
[Round "5.63"]
[White "Jacobsen, Mikkel Manosri"]
[Black "Mai, Alexander Oliver"]
[Result "1/2-1/2"]
[WhiteElo "2309"]
[BlackElo "2090"]
[PlyCount "151"]
[EventDate "2021.08.26"]

1. e3 Nf6 2. c4 g6 3. Nf3 Bg7 4. Be2 O-O 5. d4 d6 6. O-O Nbd7 7. b4 e5 8. Bb2
e4 9. Nfd2 Re8 10. Nc3 Nf8 11. Qb3 h5 12. Rfc1 N8h7 13. a4 Bf5 14. a5 Ng5 15.
c5 d5 16. a6 b6 17. Bb5 Re6 18. cxb6 Rxb6 19. Bf1 Qd6 20. Nb5 Rxb5 21. Bxb5 Ng4
22. Nf1 Qf6 23. Rc6 Be6 24. Qc2 Rb8 25. Ra5 Bf8 26. Bc3 h4 27. h3 Nh6 28. Bc4
Bd6 29. Bxd5 Nxh3+ 30. gxh3 Qg5+ 31. Kh1 Bxd5 32. Qa2 Bxa2 33. Rxg5 Nf5 34. Bd2
Bd5 35. Rc2 Rb6 36. Nh2 Rxa6 37. Rg1 Bxh2 38. Kxh2 c6 39. Rc5 Rb6 40. Ra1 a6
41. Rca5 Bc4 42. Re5 Bd5 43. Re8+ Kg7 44. Ra8 Bc4 45. Ra5 Nd6 46. Re5 Bd5 47.
Be1 Nc4 48. Ree8 g5 49. Kg2 Kf6 50. Reb8 Rxb8 51. Rxb8 Nd6 52. Rb6 Ke6 53. Rxa6
Kf5 54. Ra7 Nb5 55. Re7 f6 56. Rg7 Ke6 57. Bd2 Kd6 58. Kf1 Ke6 59. Ke2 Bc4+ 60.
Ke1 Bd5 61. Rh7 Kd6 62. Kf1 Ke6 63. Bc1 Bc4+ 64. Kg2 Bd5 65. Bd2 Kd6 66. Kg1
Ke6 67. Rh8 Kf7 68. Ra8 Ke7 69. Ra1 Ke6 70. Re1 Kf5 71. Ra1 Ke6 72. Rb1 Kf5 73.
Rc1 Ke6 74. Rd1 Kf5 75. Re1 Nd6 76. Rf1 1/2-1/2

[Event "European Individual Chess Championship "]
[Site "Reykjavik, Iceland"]
[Date "2021.08.30"]
[Round "5.64"]
[White "Milikow, Elie"]
[Black "Karlsson, Mikael Johann"]
[Result "1-0"]
[WhiteElo "2242"]
[BlackElo "2067"]
[PlyCount "113"]
[EventDate "2021.08.26"]

1. e4 c5 2. Nf3 g6 3. c3 Nf6 4. e5 Nd5 5. d4 cxd4 6. Qxd4 e6 7. Bg5 Qb6 8. Qxb6
axb6 9. Nbd2 h6 10. Bh4 g5 11. Bg3 Nc6 12. h3 Bg7 13. a3 Nf4 14. Nc4 b5 15. Nb6
Rb8 16. Bxf4 gxf4 17. Bxb5 Bxe5 18. Nxe5 Nxe5 19. O-O-O Rg8 20. Rhe1 Nc6 21.
Bf1 Kd8 22. Re4 e5 23. Re2 Kc7 24. Nd5+ Kd8 25. Red2 d6 26. Nf6 Rg6 27. Ne4 Ke7
28. b4 Bf5 29. Nxd6 Be6 30. Ne4 b6 31. f3 Rc8 32. Kb2 Rc7 33. Nd6 Nb8 34. a4
Bd7 35. Bb5 Bxb5 36. axb5 Rd7 37. Nc4 Re6 38. Re1 Rxd2+ 39. Nxd2 Nd7 40. c4 f5
41. Nb3 Kd6 42. c5+ Kc7 43. c6 Nf8 44. Ra1 Ng6 45. Nd2 Ne7 46. Nc4 Nc8 47. Rd1
Re7 48. Rd5 e4 49. Kc1 e3 50. Kd1 Rf7 51. Ke1 Rg7 52. Rxf5 Rxg2 53. Rxf4 Rg5
54. Rf7+ Kd8 55. Rd7+ Ke8 56. f4 Rf5 57. Rc7 1-0

[Event "European Individual Chess Championship "]
[Site "Reykjavik, Iceland"]
[Date "2021.08.30"]
[Round "5.65"]
[White "Lorscheid, Gerhard"]
[Black "Van Hoolandt, Patrick"]
[Result "1-0"]
[WhiteElo "2202"]
[BlackElo "2010"]
[PlyCount "113"]
[EventDate "2021.08.26"]

1. d4 Nf6 2. c4 e6 3. Nc3 Bb4 4. Qc2 O-O 5. a3 Bxc3+ 6. Qxc3 b6 7. Bg5 Bb7 8.
Nf3 d6 9. Nd2 Nbd7 10. f3 Rc8 11. e4 c5 12. Bd3 cxd4 13. Qxd4 Nc5 14. O-O e5
15. Qe3 Ne6 16. Bh4 Ba6 17. Rfc1 h6 18. b4 g5 19. Bf2 Nd7 20. a4 Rc7 21. a5 Bb7
22. Bf1 Qe7 23. g3 Kg7 24. Bh3 Rd8 25. Qd3 bxa5 26. Rxa5 a6 27. Nf1 Re8 28. Ne3
Nd4 29. Qxd4 exd4 30. Nf5+ Kf6 31. Nxe7 Kxe7 32. Bxd4 Bc8 33. Bc3 Rxc4 34. Bf1
Ne5 35. Bxc4 Nxc4 36. Bf6+ Kxf6 37. Rxc4 Be6 38. Rd4 Rc8 39. f4 gxf4 40. gxf4
Rc6 41. h4 Bc4 42. Rxd6+ Rxd6 43. e5+ Ke6 44. exd6 Bb5 45. Ra1 Kxd6 46. Rc1 Kd5
47. Kf2 Ke4 48. Kg3 Kf5 49. Rc7 Kf6 50. f5 Bd3 51. Kf4 Bf1 52. Rc6+ Kg7 53. Ke5
Bb5 54. Rc1 Be2 55. Rg1+ Kf8 56. Kf6 Bc4 57. Rc1 1-0

[Event "European Individual Chess Championship "]
[Site "Reykjavik, Iceland"]
[Date "2021.08.30"]
[Round "5.66"]
[White "Wecker, Martin"]
[Black "Moller, Agnar T"]
[Result "1/2-1/2"]
[WhiteElo "2195"]
[BlackElo "1932"]
[PlyCount "57"]
[EventDate "2021.08.26"]

1. Nf3 d5 2. g3 c6 3. Bg2 Bg4 4. c4 e6 5. cxd5 exd5 6. O-O Nf6 7. d3 Bd6 8. Nc3
O-O 9. h3 Bh5 10. e4 Re8 11. g4 Bg6 12. Nh4 dxe4 13. Nxg6 hxg6 14. dxe4 Na6 15.
Be3 Bc5 16. Bf4 Bd4 17. Qe2 Qe7 18. Rfe1 Nh7 19. Rad1 Be5 20. Bxe5 Qxe5 21. Qe3
g5 22. Qd4 Nf8 23. Ne2 Qa5 24. Qd2 Qxd2 25. Rxd2 Nc5 26. f3 Rad8 27. Red1 Rxd2
28. Rxd2 Ng6 29. b4 1/2-1/2

[Event "European Individual Chess Championship "]
[Site "Reykjavik, Iceland"]
[Date "2021.08.30"]
[Round "5.67"]
[White "Tummasarson, Flovin M."]
[Black "Birkisson, Bardur Orn"]
[Result "0-1"]
[WhiteElo "1764"]
[BlackElo "2163"]
[PlyCount "190"]
[EventDate "2021.08.26"]

1. e4 e5 2. Nf3 Nc6 3. Bb5 a6 4. Ba4 Nf6 5. d3 d6 6. c3 g6 7. O-O Bg7 8. Re1
O-O 9. Nbd2 h6 10. Nf1 b5 11. Bc2 d5 12. a4 b4 13. a5 Qd6 14. Ng3 Rb8 15. Be3
dxe4 16. dxe4 Rd8 17. Qxd6 Rxd6 18. Bc5 Rd8 19. Ba4 Nd7 20. Be3 Bb7 21. Red1
bxc3 22. bxc3 Nf8 23. Bb3 Rxd1+ 24. Bxd1 Bc8 25. Nd2 Ne6 26. Be2 Bf8 27. Bc4
Nc5 28. Nf3 Ne6 29. Bd5 Ned8 30. Bc4 Kg7 31. Nd2 Ra8 32. h3 Be6 33. f3 Bxc4 34.
Nxc4 Rb8 35. Rd1 Ne6 36. Rd5 f6 37. Kh2 h5 38. Ne2 Kf7 39. Nc1 Be7 40. Kg3 Rb1
41. Rd3 Ke8 42. Ne2 Bc5 43. Rd5 Bxe3 44. Nxe3 Ra1 45. f4 Ne7 46. Rd2 Rxa5 47.
Nd5 Nxd5 48. exd5 Nxf4 49. Nxf4 exf4+ 50. Kxf4 Rc5 51. Ra2 Rxd5 52. Rxa6 Rd6
53. Ra8+ Ke7 54. Ke3 Ke6 55. h4 Kf5 56. Ra4 Re6+ 57. Kf3 Re5 58. Rc4 c5 59.
Rf4+ Ke6 60. g4 hxg4+ 61. Rxg4 g5 62. hxg5 Rxg5 63. Ra4 f5 64. Rc4 Kd5 65. Rf4
Ke5 66. Rc4 Kd6 67. Rf4 Kd5 68. Kf2 Rh5 69. Kg3 Ke5 70. Rc4 Kd5 71. Rf4 c4 72.
Rd4+ Kc5 73. Rf4 Kb5 74. Rd4 Rh8 75. Rd7 f4+ 76. Kxf4 Rh3 77. Rc7 Rxc3 78. Ke4
Rd3 79. Rb7+ Kc5 80. Rc7+ Kb4 81. Rb7+ Kc3 82. Rc7 Rd8 83. Rc6 Kb3 84. Rb6+ Kc2
85. Ke3 c3 86. Rc6 Kb2 87. Rb6+ Kc1 88. Ke2 c2 89. Rc6 Re8+ 90. Kf2 Re5 91. Rc7
Kd2 92. Rd7+ Kc3 93. Rc7+ Kd3 94. Rd7+ Kc4 95. Rd8 c1=Q 0-1

[Event "European Individual Chess Championship "]
[Site "Reykjavik, Iceland"]
[Date "2021.08.30"]
[Round "5.68"]
[White "Pappelis, Dimitrios"]
[Black "Gudmundsson, Gunnar Erik"]
[Result "1/2-1/2"]
[WhiteElo "2160"]
[BlackElo "1844"]
[PlyCount "57"]
[EventDate "2021.08.26"]

1. e4 c5 2. Nf3 Nc6 3. c3 Nf6 4. e5 Nd5 5. g3 d6 6. exd6 e6 7. Bg2 Bxd6 8. O-O
O-O 9. d4 cxd4 10. Nxd4 Nce7 11. c4 Nb6 12. Qe2 a6 13. Be3 Qc7 14. c5 Bxc5 15.
Rc1 Qd6 16. Nb5 axb5 17. Bxc5 Qd8 18. Nc3 Na4 19. Nxa4 bxa4 20. Rd1 Qe8 21. Qe5
f6 22. Qc7 Nd5 23. Bxd5 Rf7 24. Qd6 exd5 25. Re1 Qd7 26. Qxd5 g6 27. Qf3 Kg7
28. Rad1 Qf5 29. Qxf5 1/2-1/2

[Event "European Individual Chess Championship "]
[Site "Reykjavik, Iceland"]
[Date "2021.08.30"]
[Round "5.69"]
[White "Koellner, Aaron Noah"]
[Black "Jonsson, Olafur Gisli"]
[Result "0-1"]
[WhiteElo "2248"]
[BlackElo "1800"]
[PlyCount "70"]
[EventDate "2021.08.26"]

1. d4 d5 2. c4 c6 3. cxd5 cxd5 4. Nc3 Nf6 5. f3 Nc6 6. e4 e6 7. e5 Nd7 8. f4
Nb6 9. Nf3 a6 10. a3 Be7 11. Bd3 O-O 12. h4 f5 13. g4 Bd7 14. gxf5 exf5 15. Be3
Be8 16. Qc2 Bh5 17. Ng5 Nc4 18. Bxc4 dxc4 19. Ne6 Bxh4+ 20. Kf1 Qe7 21. Nxf8
Bf3 22. Qh2 Bxh1 23. Qxh1 Rxf8 24. d5 Nxe5 25. fxe5 Qxe5 26. Qxh4 Qxe3 27. Re1
Qd3+ 28. Kf2 f4 29. Re7 f3 30. Qg5 Qc2+ 31. Ke1 f2+ 32. Kf1 Qd3+ 33. Re2 Qh3+
34. Qg2 Qxg2+ 35. Kxg2 f1=Q+ 0-1

[Event "European Individual Chess Championship "]
[Site "Reykjavik, Iceland"]
[Date "2021.08.30"]
[Round "5.70"]
[White "Domalchuk-Jonasson, Aleksandr"]
[Black "Maggason, Oskar"]
[Result "1-0"]
[WhiteElo "2052"]
[BlackElo "1783"]
[PlyCount "61"]
[EventDate "2021.08.26"]

1. d4 d5 2. c4 e6 3. Nc3 Nf6 4. cxd5 exd5 5. Bg5 Be7 6. e3 b6 7. Nf3 h6 8. Bf4
a6 9. Bd3 Bb7 10. O-O Nbd7 11. h3 O-O 12. Rc1 Ne4 13. Bxc7 Qe8 14. Qb3 Nxc3 15.
Rxc3 b5 16. Ne5 Nf6 17. Rfc1 Ne4 18. Bxe4 dxe4 19. Ng6 Qd7 20. Nxf8 Rxf8 21. a3
Bd5 22. Qd1 b4 23. axb4 Bxb4 24. R3c2 Bb3 25. Be5 Re8 26. Qe2 Bxc2 27. Qxc2 a5
28. Qc6 Re7 29. Qa6 Qb7 30. Rc8+ Kh7 31. Rh8+ 1-0

[Event "European Individual Chess Championship "]
[Site "Reykjavik, Iceland"]
[Date "2021.08.30"]
[Round "5.71"]
[White "Johannsson, Birkir Isak"]
[Black "Jonsson, Kristjan Dagur"]
[Result "1-0"]
[WhiteElo "2052"]
[BlackElo "1706"]
[PlyCount "75"]
[EventDate "2021.08.26"]

1. c4 Nf6 2. Nc3 g6 3. e4 d6 4. d4 Bg7 5. h3 O-O 6. Be3 Nbd7 7. g4 e5 8. d5 Nc5
9. f3 a5 10. Qd2 a4 11. Nge2 Bd7 12. Ng3 a3 13. b3 Qe7 14. Be2 Rfb8 15. h4 c6
16. h5 cxd5 17. cxd5 b5 18. Nd1 Rc8 19. Kf1 Rc7 20. Kg2 Rac8 21. h6 Bh8 22. Nf2
Na6 23. Qa5 Nc5 24. Qxa3 Nxd5 25. exd5 e4 26. f4 Bxa1 27. Rxa1 Nd3 28. Nfxe4
Rc2 29. Kf1 b4 30. Qa6 Nc1 31. Qxd6 Qh4 32. Qf6 Qh3+ 33. Ke1 Qxh6 34. Bd4 Rxe2+
35. Nxe2 Qh1+ 36. Kd2 Rc2+ 37. Kxc2 Qxe4+ 38. Kxc1 1-0

[Event "European Individual Chess Championship "]
[Site "Reykjavik, Iceland"]
[Date "2021.08.30"]
[Round "5.72"]
[White "Butenandt, Svenja"]
[Black "Hjaltason, Elvar Orn"]
[Result "1-0"]
[WhiteElo "2036"]
[BlackElo "1702"]
[PlyCount "83"]
[EventDate "2021.08.26"]

1. d4 Nf6 2. c4 e6 3. Nc3 Bb4 4. e3 O-O 5. Nge2 b6 6. a3 Bxc3+ 7. Nxc3 Bb7 8.
Bd3 d6 9. e4 e5 10. d5 Nbd7 11. b4 a5 12. Rb1 axb4 13. axb4 Qe7 14. g4 g6 15.
Bh6 Rfb8 16. h4 Kh8 17. h5 Ng8 18. Be3 g5 19. O-O f6 20. Qc2 Qd8 21. Na4 Ba6
22. Nc3 Kg7 23. Ra1 Ne7 24. Ne2 h6 25. Nc1 Bb7 26. Nb3 Ba6 27. Ra2 Bb7 28. c5
Rxa2 29. Qxa2 Ra8 30. Qc2 bxc5 31. bxc5 Ba6 32. Rc1 Bxd3 33. Qxd3 Rb8 34. Qc3
Kf7 35. Na5 Rb5 36. Nc6 Qe8 37. Na7 Rb8 38. cxd6 cxd6 39. Qc7 Qd8 40. Qxd6 Rb6
41. Bxb6 Qxb6 42. Qxd7 1-0

[Event "European Individual Chess Championship "]
[Site "Reykjavik, Iceland"]
[Date "2021.08.30"]
[Round "5.73"]
[White "Gade, Jens"]
[Black "Johannsdottir, Johanna Bjorg"]
[Result "0-1"]
[WhiteElo "1487"]
[BlackElo "2019"]
[PlyCount "70"]
[EventDate "2021.08.26"]

1. d4 Nf6 2. c4 e6 3. Nc3 Bb4 4. Bd2 b6 5. Nf3 Bb7 6. e3 O-O 7. Be2 d5 8. O-O
c5 9. cxd5 Bxc3 10. Bxc3 Nxd5 11. Re1 Nd7 12. Qc2 Rc8 13. Rac1 cxd4 14. Nxd4
Nxc3 15. bxc3 Ne5 16. Red1 Qg5 17. Bf1 Nc4 18. Qe2 Rc7 19. Nf3 Qf5 20. Nd4 Qa5
21. Nb3 Qg5 22. Rd4 Rfc8 23. Qg4 Qxg4 24. Rxg4 Nd6 25. c4 e5 26. c5 bxc5 27.
Ra4 c4 28. Na5 Ba6 29. f3 g6 30. Kf2 Rc5 31. Ke1 Bb5 32. Ra3 a6 33. Rac3 Bd7
34. Nxc4 Be6 35. Nxd6 Rxc3 0-1

[Event "European Individual Chess Championship "]
[Site "Reykjavik, Iceland"]
[Date "2021.08.30"]
[Round "5.74"]
[White "Pozimski, Szymon"]
[Black "Patt, Zafrir"]
[Result "0-1"]
[WhiteElo "2019"]
[BlackElo "1677"]
[PlyCount "124"]
[EventDate "2021.08.26"]

1. Nf3 Nf6 2. c4 e6 3. e3 d5 4. Nc3 Bb4 5. Qa4+ Nc6 6. cxd5 exd5 7. Bb5 O-O 8.
Bxc6 Bxc3 9. Bb5 c6 10. bxc3 cxb5 11. Qxb5 a6 12. Qb1 b5 13. O-O Ne4 14. Qd3
Bf5 15. Qd4 Rc8 16. Qe5 Bg6 17. Qf4 Re8 18. Ne5 Re6 19. Nxg6 Rxg6 20. f3 Ng5
21. Qf5 Rcc6 22. Qd3 Nh3+ 23. Kh1 Rxg2 24. Kxg2 Qg5+ 25. Kh1 Rg6 26. Qxg6 Qxg6
27. Ba3 Qd3 28. Kg2 Ng5 29. Rf2 f5 30. Bd6 Nf7 31. Bb8 g5 32. a4 h5 33. h3 Nd8
34. axb5 Qxb5 35. Be5 Kf7 36. Bd4 a5 37. Rff1 Nc6 38. Rab1 Qe2+ 39. Rf2 Qd3 40.
Rb7+ Ke6 41. Bh8 a4 42. Rh7 a3 43. Rh6+ Kd7 44. c4 d4 45. exd4 Qxc4 46. d5 Qxd5
47. Bc3 Nd4 48. Rxh5 Ne6 49. Rh7+ Kc6 50. Ra7 a2 51. Rf1 g4 52. hxg4 fxg4 53.
Kg3 gxf3 54. Rxf3 Qg5+ 55. Kh2 Qh4+ 56. Kg2 Qg4+ 57. Kf2 Qh4+ 58. Kg2 Qg5+ 59.
Rg3 Qd5+ 60. Kh2 Qh5+ 61. Kg1 Qc5+ 62. Bd4 Qxd4+ 0-1

[Event "European Individual Chess Championship "]
[Site "Reykjavik, Iceland"]
[Date "2021.08.30"]
[Round "5.75"]
[White "Kueng, Nicolas"]
[Black "Thorisson, Benedikt"]
[Result "1-0"]
[WhiteElo "2005"]
[BlackElo "1624"]
[PlyCount "59"]
[EventDate "2021.08.26"]

1. d4 Nf6 2. c4 g6 3. Nc3 d5 4. Nf3 Bg7 5. Qb3 dxc4 6. Qxc4 O-O 7. e4 Be6 8.
Qd3 Bg4 9. Ne5 Qd6 10. Be3 Rd8 11. h3 Be6 12. O-O-O a6 13. f4 Nc6 14. Nxc6 Qxc6
15. Qc2 Bc8 16. d5 Qe8 17. g4 e5 18. f5 b5 19. Ne2 Bb7 20. Ng3 Rac8 21. g5 Nd7
22. f6 Bf8 23. h4 c6 24. d6 c5 25. h5 Qe6 26. Qh2 Nxf6 27. hxg6 fxg6 28. gxf6
Qf7 29. Bh3 Rc6 30. Be6 1-0

[Event "European Individual Chess Championship "]
[Site "Reykjavik, Iceland"]
[Date "2021.08.30"]
[Round "5.76"]
[White "Ragnarsson, Heimir Pall"]
[Black "Petursson, Gudni"]
[Result "0-1"]
[WhiteElo "1619"]
[BlackElo "1988"]
[PlyCount "62"]
[EventDate "2021.08.26"]

1. c4 e6 2. g3 Nf6 3. Bg2 d5 4. Nf3 Be7 5. O-O O-O 6. b3 b6 7. Ne5 Bb7 8. Qc2
c5 9. Bb2 Qc7 10. cxd5 exd5 11. d4 Bd6 12. Nd3 Nbd7 13. Nd2 Rac8 14. Nf3 c4 15.
bxc4 dxc4 16. Nde5 c3 17. Nxd7 Qxd7 18. Bc1 Qe7 19. Nh4 Bxg2 20. Nf5 Qd7 21.
Kxg2 Rfe8 22. f3 Bf8 23. Rd1 Nd5 24. e4 Nb4 25. Qb3 Qb5 26. Ba3 Qe2+ 27. Kh3 a5
28. d5 Qxf3 29. d6 Qxe4 30. Ne7+ Bxe7 31. d7 g5 0-1

[Event "European Individual Chess Championship "]
[Site "Reykjavik, Iceland"]
[Date "2021.08.30"]
[Round "5.77"]
[White "Kjartansson, Matthias Bjorgvin"]
[Black "Nielsen, Thomas"]
[Result "0-1"]
[WhiteElo "1389"]
[BlackElo "1953"]
[PlyCount "99"]
[EventDate "2021.08.26"]

1. d4 d5 2. c4 e6 3. Nc3 c5 4. cxd5 exd5 5. e3 Nf6 6. Nf3 Nc6 7. Bb5 a6 8.
Bxc6+ bxc6 9. O-O Qc7 10. h3 Be7 11. Qc2 c4 12. b3 cxb3 13. axb3 O-O 14. Ba3
Re8 15. Bxe7 Rxe7 16. Ne5 Bb7 17. Rac1 Rc8 18. Na4 Ne4 19. Nc5 Nxc5 20. Qxc5
Re6 21. Rc2 f6 22. Nd3 g5 23. Rfc1 Qf7 24. Nb2 h5 25. Na4 g4 26. hxg4 hxg4 27.
Nb6 Rd8 28. Na4 f5 29. Qb6 Rdd6 30. Nc5 Re7 31. Nxa6 Qh5 32. Qa7 Rh6 33. Kf1
Qh1+ 34. Ke2 Qxg2 35. Qb8+ Kf7 36. Qf4 Bxa6+ 37. Kd2 Qh2 38. Qxf5+ Rf6 39. Qxg4
Qxf2+ 40. Kc3 Rxe3+ 41. Kb2 Qf3 42. Qd7+ Re7 43. Qd8 Rb7 44. Rc3 Qf2+ 45. R1c2
Qxd4 46. Rg2 Rf2+ 47. Rxf2+ Qxf2+ 48. Rc2 Qd4+ 49. Ka2 Bd3 50. Rc4 0-1

[Event "European Individual Chess Championship "]
[Site "Reykjavik, Iceland"]
[Date "2021.08.30"]
[Round "5.78"]
[White "Hreinsson, Johann Helgi"]
[Black "Haraldsson, Haraldur"]
[Result "0-1"]
[WhiteElo "1195"]
[BlackElo "1918"]
[PlyCount "58"]
[EventDate "2021.08.26"]

1. d4 Nf6 2. c4 e6 3. Nf3 b6 4. Bg5 Bb7 5. e3 Be7 6. Nc3 d5 7. cxd5 exd5 8. Bd3
Nbd7 9. O-O O-O 10. Qc2 c5 11. Rac1 g6 12. Rfe1 Rc8 13. h3 Re8 14. Qa4 a6 15.
Bxf6 Nxf6 16. Ne5 c4 17. Be2 b5 18. Qc2 b4 19. Nd1 Ne4 20. Bf3 Nd6 21. Qd2 f6
22. Qxb4 fxe5 23. dxe5 Nb5 24. Qd2 Rc5 25. Nc3 Bf8 26. b4 cxb3 27. axb3 Rxe5
28. Nxb5 Rxb5 29. e4 Bb4 0-1

[Event "European Individual Chess Championship "]
[Site "Reykjavik, Iceland"]
[Date "2021.08.30"]
[Round "5.80"]
[White "Briem, Benedikt"]
[Black "Heidarsson, Mikael Bjarki"]
[Result "1-0"]
[WhiteElo "1858"]
[BlackElo "1473"]
[PlyCount "43"]
[EventDate "2021.08.26"]

1. d4 c5 2. d5 Nf6 3. c4 d6 4. Nc3 e6 5. e4 exd5 6. cxd5 g6 7. f4 a6 8. e5 Nfd7
9. Nf3 b5 10. a4 b4 11. Ne4 dxe5 12. fxe5 Be7 13. d6 Bf8 14. Bc4 Bb7 15. Bxf7+
Kxf7 16. Neg5+ Ke8 17. Qb3 Nxe5 18. Qe6+ Be7 19. Qxe5 Rf8 20. dxe7 Qxe7 21.
Qxe7+ Kxe7 22. O-O 1-0

[Event "European Individual Chess Championship "]
[Site "Reykjavik, Iceland"]
[Date "2021.08.30"]
[Round "5.81"]
[White "Acevedo Mendez, Lisseth"]
[Black "Sveinbjornsson, Gudmundur Orri"]
[Result "1-0"]
[WhiteElo "1825"]
[BlackElo "1037"]
[PlyCount "41"]
[EventDate "2021.08.26"]

1. e4 e5 2. Nf3 Nc6 3. Bc4 Bc5 4. c3 Nf6 5. d3 O-O 6. O-O h6 7. Nbd2 d6 8. h3
d5 9. Bb3 Be6 10. Re1 Re8 11. Bc2 dxe4 12. dxe4 a5 13. Nh4 Ne7 14. Qf3 b5 15.
Nf1 Qc8 16. Bxh6 gxh6 17. Qxf6 Bxh3 18. gxh3 Qxh3 19. Ne3 Bxe3 20. Rxe3 Qg4+
21. Rg3 1-0

[Event "European Individual Chess Championship "]
[Site "Reykjavik, Iceland"]
[Date "2021.08.30"]
[Round "5.82"]
[White "Saemundarson, Saethor Ingi"]
[Black "Ingason, Sigurdur"]
[Result "0-1"]
[WhiteElo "1216"]
[BlackElo "1805"]
[PlyCount "50"]
[EventDate "2021.08.26"]

1. e4 e5 2. Nf3 Nf6 3. Nc3 Nc6 4. Bc4 Nxe4 5. Nxe4 d5 6. Bxd5 Qxd5 7. d3 Be7 8.
Be3 Bf5 9. Nc3 Qd7 10. h3 O-O 11. O-O Rad8 12. Re1 Rfe8 13. Qe2 Bf6 14. Rad1
Qe7 15. Nd2 Bg5 16. Bxg5 Qxg5 17. Qf3 Qg6 18. Nde4 Nd4 19. Qg3 Nxc2 20. Qxg6
hxg6 21. Re2 Nd4 22. Re3 b6 23. Rd2 Bc8 24. Ne2 f5 25. Nxd4 exd4 0-1

[Event "European Individual Chess Championship "]
[Site "Reykjavik, Iceland"]
[Date "2021.08.30"]
[Round "5.84"]
[White "Moller, Tomas"]
[Black "Gudnyjarson, Sigurdur Pall"]
[Result "0-1"]
[WhiteElo "1402"]
[BlackElo "1207"]
[PlyCount "126"]
[EventDate "2021.08.26"]

1. e4 e6 2. d4 d5 3. Nc3 Nf6 4. e5 Nfd7 5. f4 c5 6. Nf3 Nc6 7. Be3 Qb6 8. Na4
Qa5+ 9. c3 cxd4 10. Nxd4 Nxd4 11. b4 Bxb4 12. Bxd4 Be7 13. Be2 Nc5 14. Nxc5
Bxc5 15. O-O Be7 16. Qb3 O-O 17. Kh1 Qc7 18. Rac1 b6 19. c4 dxc4 20. Bxc4 Qd7
21. Rfd1 Qb7 22. Be2 Rb8 23. Bf3 Qa6 24. Rc2 Rd8 25. Rcd2 Bb7 26. h3 Bxf3 27.
Qxf3 Bb4 28. Rc2 h6 29. Kh2 Qa4 30. Qe2 Bf8 31. Rcd2 Bb4 32. Rd3 Rbc8 33. Rb3
Bc5 34. Bxc5 Rxd1 35. Qxd1 Rxc5 36. Qd2 Rd5 37. Qf2 Qa5 38. Rb2 Qc5 39. Qe2 Qd4
40. g3 Qd1 41. Qg2 a5 42. Rc2 b5 43. h4 Rd8 44. Kh3 Qd5 45. Qf2 Qd4 46. Qg2 b4
47. Qc6 Qd5 48. Qc5 Qxc5 49. Rxc5 Rd5 50. Rc8+ Kh7 51. Ra8 Kg6 52. Kg4 h5+ 53.
Kf3 Rd3+ 54. Ke4 Ra3 55. g4 hxg4 56. h5+ Kxh5 57. f5 g3 58. Kf4 g5+ 59. fxg6
Kxg6 60. Rg8+ Kh7 61. Rg4 b3 62. axb3 Rxb3 63. Kg5 Kg7 0-1